000 00548nam a22001817a 4500
005 20240321151714.0
010 _aENG-139824
020 _a9788194951742
_c791.00
035 _aEN-123356
037 _bDBAD/PUB
082 _a280
100 _aOmisore Steve Ross A.
_963804
245 _aPrayer, Fasting & The Holy Spirit/
_cBy Steve Ross A. Omisore
260 _aBelgharia
_bExceller Books
270 _aG1, Dream Apartment , Degree College
_bKolkata
_e700056
300 _a70pg;
_c22cm(Pbk)
942 _2ddc
_cEN
_h280
_mOMI
999 _c201718
_d201718